| 000 | 00673nam a22002057a 4500 | ||
|---|---|---|---|
| 005 | 20251108164100.0 | ||
| 008 | 250721s1993 xx 000 0 ara d | ||
| 082 | 1 | 4 | _a005.73/قاض |
| 100 | 1 | _aالقاضي، زياد عبد الكريم | |
| 245 | 1 | 0 | _aتراكيب البيانات ومعالجتها بلغة باسكال / |
| 246 | 1 | 1 | _adata structures with pascal |
| 264 | 1 |
_aعمان : _bدار المستقبل للنشر والتوزيع، _c1993. |
|
| 300 | _a255ص. | ||
| 650 | 1 | 7 | _aالحواسيب |
| 650 | 1 | 7 | _aالبيانات |
| 650 | 1 | 7 | _aبناء الحواسيب |
| 700 | 1 | _aحتامله، حسين نجيب | |
| 942 |
_2ddc _cBK |
||
| 999 |
_c3157 _d3157 |
||